[Event "Mediterranean-ch 13th"]
[Site "Platja d'Aro"]
[Date "2023.11.07"]
[Round "5"]
[White "Garriga Cazorla, Pere"]
[Black "Trepat Herranz, Joan"]
[Result "1-0"]
[WhiteElo "2462"]
[BlackElo "2385"]
[PlyCount "105"]
[EventDate "2023.11.04"]
[EventType "swiss"]
[EventRounds "9"]
[EventCountry "ESP"]
[SourceTitle "CB46_2023"]
[SourceDate "2023.11.15"]
[SourceVersion "1"]
[SourceVersionDate "2023.11.15"]
[SourceQuality "1"]

1. d4 d5 2. c4 c6 3. Nf3 Nf6 4. Nc3 e6 5. e3 Nbd7 6. Qc2 Bd6 7. Be2 dxc4 8. Bxc4 b5 9. Be2 0-0 10. 0-0 a6 11. Ng5 Be7 12. e4 h6 13. Nf3 b4 14. Na4 c5 15. e5 Nd5 16. Qe4 cxd4 17. Bxh6 gxh6 18. Bd3 f5 19. exf6 Rxf6 20. Qh7+ Kf8 21. Bg6 Rxg6 22. Qxg6 Bf6 23. Rfe1 Qe7 24. Rad1 Qg7 25. Qxg7+ Kxg7 26. Rxe6 Nf8 27. Rd6 Nf4 28. Nb6 Rb8 29. Nxc8 Rxc8 30. g3 N4e6 31. Rxa6 Kf7 32. Ra7+ Kg6 33. Rb7 Rc4 34. Nd2 Rc2 35. Rxb4 d3 36. Ne4 Bxb2 37. Rxd3 Bg7 38. a4 Ra2 39. Kg2 Ng5 40. Nc5 Nf7 41. Re3 Kh7 42. Re7 Nd6 43. Ne6 Nxe6 44. Rxe6 Nf5 45. Rf4 Nd4 46. Re7 Nc6 47. Rc7 Ne5 48. Re4 Ng6 49. h4 h5 50. Rc5 Kh6 51. Rf5 Bf8 52. Re6 Be7 53. a5 1-0

[Event "Lleida Christmas op"]
[Site "Lleida"]
[Date "2022.12.30"]
[Round "7"]
[White "Trepat Herranz, Joan"]
[Black "Vela Frago, Alberto"]
[Result "0-1"]
[WhiteElo "2397"]
[BlackElo "2244"]
[PlyCount "82"]
[EventDate "2022.12.27"]
[EventType "swiss"]
[EventRounds "8"]
[EventCountry "ESP"]
[SourceTitle "CBM 212 Extra"]
[Source "ChessBase"]
[SourceDate "2023.03.31"]
[SourceVersion "1"]
[SourceVersionDate "2023.03.31"]
[SourceQuality "1"]

1. e4 e5 2. Nf3 Nc6 3. d4 exd4 4. Nxd4 Nf6 5. Nxc6 bxc6 6. e5 Qe7 7. Qe2 Nd5 8. c4 Ba6 9. Nd2 0-0-0 10. b3 Nb4 11. Nf3 c5 12. a3 Nc6 13. Bb2 g6 14. g3 Bg7 15. Bg2 d5 16. 0-0 Rhe8 17. Rfe1 d4 18. b4 Bb7 19. bxc5 Qxc5 20. e6 fxe6 21. Rab1 Na5 22. Nd2 Bxg2 23. Kxg2 Qc6+ 24. Kg1 e5 25. Qd3 Nb7 26. Ne4 Nd6 27. Bc1 Nxe4 28. Rxe4 Kd7 29. Rb5 a6 30. Rd5+ Kc8 31. Ra5 Qb6 32. Bd2 c5 33. Re1 Qc6 34. Rb1 Kc7 35. Bb4 Bf8 36. Bd2 e4 37. Qe2 Bd6 38. Qg4 Rb8 39. Re1 Rb2 40. Bc1 Ra2 41. Qh4 e3 0-1

[Event "Lleida Regional-ch"]
[Site "Lleida"]
[Date "2019.12.08"]
[Round "8"]
[White "Torrent Minguet, Joan"]
[Black "Trepat Herranz, Joan"]
[Result "0-1"]
[WhiteElo "1921"]
[BlackElo "2395"]
[PlyCount "60"]
[EventDate "2019.10.13"]
[EventType "swiss"]
[EventRounds "9"]
[EventCountry "ESP"]
[SourceTitle "CBM 193 Extra"]
[Source "ChessBase"]
[SourceDate "2020.01.31"]
[SourceVersion "1"]
[SourceVersionDate "2020.01.31"]
[SourceQuality "1"]

1. e4 c5 2. Nf3 d6 3. d4 cxd4 4. Nxd4 Nf6 5. Nc3 a6 6. Bg5 Nbd7 7. f4 h6 8. Bh4 g6 9. Qf3 Bg7 10. 0-0-0 Qc7 11. g4 Nb6 12. h3 Bd7 13. Kb1 Bc6 14. Bd3 Nfd7 15. Nxc6 bxc6 16. Be1 Rb8 17. b3 a5 18. h4 a4 19. h5 g5 20. fxg5 hxg5 21. Qf5 Bf6 22. e5 Bxe5 23. Ne4 e6 24. Qxg5 axb3 25. cxb3 Nd5 26. Rf1 Qa7 27. Bc2 Qxa2+ 28. Kc1 Rxb3 29. Rxd5 Rb2 30. Qd2 Qa1+ 0-1

[Event "Lleida Regional-ch"]
[Site "Lleida"]
[Date "2019.12.01"]
[Round "7"]
[White "Trepat Herranz, Joan"]
[Black "Roma Barge, Gabriel"]
[Result "1/2-1/2"]
[WhiteElo "2395"]
[BlackElo "2086"]
[PlyCount "139"]
[EventDate "2019.10.13"]
[EventType "swiss"]
[EventRounds "9"]
[EventCountry "ESP"]
[SourceTitle "CBM 193 Extra"]
[Source "ChessBase"]
[SourceDate "2020.01.31"]
[SourceVersion "1"]
[SourceVersionDate "2020.01.31"]
[SourceQuality "1"]

1. Nf3 Nf6 2. g3 g6 3. Bg2 Bg7 4. 0-0 d5 5. d4 0-0 6. c4 c6 7. cxd5 Nxd5 8. e4 Nb6 9. Nc3 Na6 10. Qe2 Be6 11. Rd1 Bc4 12. Qe3 f6 13. b3 Bf7 14. Ba3 Re8 15. h4 h5 16. Bh3 Qc7 17. Rac1 Kh7 18. Rc2 Rad8 19. Qe2 Qb8 20. Kh1 Nc7 21. Bc1 Bh6 22. Bxh6 Kxh6 23. Qe3+ Kg7 24. Rcc1 Ne6 25. Ne2 Rd6 26. Rg1 Qd8 27. Rg2 Nd7 28. Rcg1 Ne5 29. Nxe5 fxe5 30. dxe5 Rd3 31. Qxa7 Rf3 32. Bxe6 Bxe6 33. Nd4 Bg4 34. Nxf3 Bxf3 35. Qe3 Rf8 36. Kh2 Qa5 37. Qg5 Qxa2 38. Qxe7+ Rf7 39. Qc5 Qxb3 40. Re1 Bxg2 41. Kxg2 Qe6 42. Rd1 Re7 43. f4 Qa2+ 44. Kg1 Kf7 45. f5 gxf5 46. exf5 Qe2 47. e6+ Kf6 48. Qd4+ Qe5 49. Qd3 Rg7 50. Kh2 Rg4 51. Rf1 Rxh4+ 52. Kg2 Rd4 53. Qa3 Qe4+ 54. Kg1 Rb4 55. Qc3+ Qd4+ 56. Qxd4+ Rxd4 57. Rb1 b5 58. Rc1 Rd6 59. Rc5 b4 60. Rc4 b3 61. Re4 b2 62. Re1 Kxf5 63. e7 Re6 64. Rb1 Rxe7 65. Rxb2 c5 66. Rc2 Re5 67. Kf2 Ke4 68. Ke2 Kd4+ 69. Kd2 Re3 70. Rxc5 1/2-1/2

[Event "Estadilla op 33rd"]
[Site "Estadilla"]
[Date "2019.05.19"]
[Round "7"]
[White "Masague Artero, Guerau"]
[Black "Trepat Herranz, Joan"]
[Result "1-0"]
[WhiteElo "2245"]
[BlackElo "2395"]
[PlyCount "92"]
[EventDate "2019.05.19"]
[EventType "swiss (rapid)"]
[EventRounds "9"]
[EventCountry "ESP"]
[SourceTitle "EXT 2020"]
[Source "ChessBase"]
[SourceDate "2019.10.17"]
[SourceVersion "1"]
[SourceVersionDate "2019.10.17"]
[SourceQuality "1"]

1. d4 Nf6 2. c4 e6 3. Nc3 Bb4 4. e3 0-0 5. Bd3 d5 6. cxd5 exd5 7. Nge2 Re8 8. 0-0 Bd6 9. Qc2 a6 10. Bd2 Nc6 11. a3 Ne7 12. Rae1 Ng6 13. f3 c5 14. dxc5 Bxc5 15. Nd4 Bd7 16. Nce2 Rc8 17. Qb3 Ne5 18. Bb4 Ba4 19. Qxa4 Nxd3 20. Rb1 Rxe3 21. Bxc5 Nxc5 22. Qb4 Qd7 23. Rfc1 Ne6 24. Rxc8+ Qxc8 25. Rc1 Qd7 26. Qd2 Re5 27. Qc3 Nxd4 28. Nxd4 Re8 29. Qc7 Re1+ 30. Kf2 Rxc1 31. Qxc1 h6 32. Qc5 g6 33. Qb6 Kg7 34. Nb3 Qf5 35. Na5 Ne4+ 36. Ke2 Ng5 37. Qd4+ Kg8 38. Nxb7 Ne6 39. Qc3 d4 40. Qb3 Nf4+ 41. Kf2 Qe5 42. Nd8 Qe2+ 43. Kg3 Nh5+ 44. Kh3 Nf4+ 45. Kg3 Nh5+ 46. Kh3 Qe7 1-0

[Event "Estadilla op 33rd"]
[Site "Estadilla"]
[Date "2019.05.19"]
[Round "2"]
[White "Trepat Herranz, Joan"]
[Black "Garcia Estruch, Jorge"]
[Result "1-0"]
[WhiteElo "2395"]
[BlackElo "1900"]
[PlyCount "63"]
[EventDate "2019.05.19"]
[EventType "swiss (rapid)"]
[EventRounds "9"]
[EventCountry "ESP"]
[SourceTitle "EXT 2020"]
[Source "ChessBase"]
[SourceDate "2019.10.17"]
[SourceVersion "1"]
[SourceVersionDate "2019.10.17"]
[SourceQuality "1"]

1. c4 Nf6 2. Nc3 e6 3. e4 d6 4. d4 c6 5. Nf3 Nbd7 6. Be2 Be7 7. 0-0 0-0 8. Re1 Qc7 9. h3 e5 10. Bf1 exd4 11. Nxd4 Ne5 12. Be3 b6 13. Qa4 Bd7 14. Rad1 Rfd8 15. Qc2 a6 16. f4 Ng6 17. Nf5 Bf8 18. Qf2 Rab8 19. Bd4 b5 20. Nh6+ gxh6 21. Bxf6 Be7 22. Bxe7 Nxe7 23. cxb5 axb5 24. Qh4 Ng6 25. Qxh6 d5 26. exd5 cxd5 27. Nxd5 Qc5+ 28. Kh1 Rb6 29. Qg5 Re8 30. Nf6+ Rxf6 31. Qxc5 Rc8 32. Qd4 1-0

[Event "Estadilla op 33rd"]
[Site "Estadilla"]
[Date "2019.05.19"]
[Round "6"]
[White "Trepat Herranz, Joan"]
[Black "Garcia Vicente, Nieves"]
[Result "1-0"]
[WhiteElo "2395"]
[BlackElo "2129"]
[PlyCount "72"]
[EventDate "2019.05.19"]
[EventType "swiss (rapid)"]
[EventRounds "9"]
[EventCountry "ESP"]
[SourceTitle "EXT 2020"]
[Source "ChessBase"]
[SourceDate "2019.10.17"]
[SourceVersion "1"]
[SourceVersionDate "2019.10.17"]
[SourceQuality "1"]

1. Nf3 d5 2. c4 e6 3. e3 Nf6 4. Nc3 Bd6 5. b3 c6 6. Bb2 Nbd7 7. Qc2 e5 8. cxd5 Nxd5 9. Be2 Nb4 10. Qb1 0-0 11. 0-0 Re8 12. Ne4 Bc7 13. Ng3 Nf6 14. d3 Nbd5 15. Rd1 a5 16. a3 Qe7 17. h3 Bd7 18. Qc2 h6 19. Bf1 Rad8 20. Re1 e4 21. Nxe4 Nxe4 22. dxe4 Qxe4 23. Qxe4 Rxe4 24. Rad1 Ree8 25. g3 Nb6 26. Nd4 Be5 27. Bc3 a4 28. Ba5 Bc7 29. bxa4 Ra8 30. Bxb6 Bxb6 31. Nb5 Be6 32. Nd6 Reb8 33. Rb1 Bc5 34. Nxb7 Bxa3 35. a5 Ra7 36. a6 Bc8 1-0

[Event "Catalunya-chT Gp1"]
[Site "Barcelona"]
[Date "2019.03.02"]
[Round "7.2"]
[White "Trepat Herranz, Joan"]
[Black "Oratovsky, Michael"]
[Result "1/2-1/2"]
[WhiteElo "2363"]
[BlackElo "2462"]
[PlyCount "65"]
[EventDate "2019.01.19"]
[EventType "team-tourn"]
[EventRounds "7"]
[EventCountry "ESP"]
[SourceTitle "CBM 189 Extra"]
[Source "ChessBase"]
[SourceDate "2019.06.03"]
[SourceVersion "1"]
[SourceVersionDate "2019.06.03"]
[SourceQuality "1"]
[WhiteTeam "Lleida"]
[BlackTeam "Salou Escola Escacs"]
[WhiteTeamCountry "ESP"]
[BlackTeamCountry "ESP"]

1. e4 d6 2. d4 Nf6 3. Nc3 e5 4. Nf3 Nbd7 5. Bc4 Be7 6. a4 0-0 7. 0-0 c6 8. h3 a5 9. Re1 Nb6 10. Ba2 Nfd7 11. Be3 exd4 12. Nxd4 Nc5 13. Qh5 Nbxa4 14. Nxa4 Nxa4 15. Nf3 b5 16. Ng5 Bxg5 17. Bxg5 Qc7 18. Re3 Kh8 19. c4 Be6 20. Bb1 f6 21. e5 f5 22. exd6 Qxd6 23. cxb5 cxb5 24. Bd3 Nc5 25. Bxb5 Ne4 26. Rd1 Bf7 27. Qe2 Qb4 28. Bf4 Rad8 29. Rxd8 Rxd8 30. Rd3 Rxd3 31. Bxd3 h6 32. Bxe4 Qxe4 33. Qxe4 1/2-1/2

[Event "Andorra op 36th"]
[Site "Escaldes"]
[Date "2018.07.22"]
[Round "2"]
[White "Trepat Herranz, Joan"]
[Black "Represa Perez, Mireya"]
[Result "1-0"]
[WhiteElo "2380"]
[BlackElo "2084"]
[PlyCount "71"]
[EventDate "2018.07.21"]
[EventType "swiss"]
[EventRounds "9"]
[EventCountry "AND"]
[SourceTitle "CBM 185 Extra"]
[Source "ChessBase"]
[SourceDate "2018.07.29"]
[SourceVersion "1"]
[SourceVersionDate "2018.07.29"]
[SourceQuality "1"]

1. e4 c5 2. Nf3 d6 3. d4 cxd4 4. Nxd4 Nf6 5. Nc3 a6 6. Be2 e5 7. Nf3 Be7 8. Bg5 Nbd7 9. a4 Qc7 10. 0-0 0-0 11. Nd2 b6 12. Nc4 Bb7 13. Ne3 Rfe8 14. Bc4 Rac8 15. Bxf6 Nxf6 16. Qd3 Nd7 17. Ncd5 Bxd5 18. Qxd5 Rf8 19. Bxa6 Ra8 20. Bb5 Nc5 21. Qc4 Bg5 22. Nd5 Qb7 23. g3 Rfc8 24. Qe2 f5 25. exf5 Kh8 26. Rfd1 Rf8 27. b4 Na6 28. Bxa6 Rxa6 29. Nc7 Qxc7 30. Qxa6 Rxf5 31. Qa8+ Bd8 32. a5 Rf8 33. a6 Qf7 34. Rf1 d5 35. a7 h5 36. Qc8 1-0

[Event "Catalunya-chT GpB final"]
[Site "Barcelona"]
[Date "2018.03.17"]
[Round "2.3"]
[White "Amigo Villalta, Jordi"]
[Black "Trepat Herranz, Joan"]
[Result "1/2-1/2"]
[WhiteElo "2227"]
[BlackElo "2380"]
[PlyCount "103"]
[EventDate "2018.03.10"]
[EventType "team-tourn"]
[EventRounds "4"]
[EventCountry "ESP"]
[SourceTitle "CBM 183 Extra"]
[Source "ChessBase"]
[SourceDate "2018.04.19"]
[SourceVersion "1"]
[SourceVersionDate "2018.04.19"]
[SourceQuality "1"]
[WhiteTeam "Catalunya"]
[BlackTeam "Lleida"]
[WhiteTeamCountry "ESP"]
[BlackTeamCountry "ESP"]

1. d4 Nf6 2. c4 e6 3. g3 d5 4. Bg2 Bb4+ 5. Bd2 Be7 6. Nf3 0-0 7. Nc3 dxc4 8. Qa4 a6 9. Qxc4 b5 10. Qd3 Bb7 11. Bg5 Nbd7 12. 0-0 c5 13. dxc5 Nxc5 14. Qxd8 Rfxd8 15. b4 Ncd7 16. a3 Rac8 17. Rfc1 h6 18. Be3 Ng4 19. Bd4 Ba8 20. h3 e5 21. hxg4 exd4 22. Nxd4 Bf6 23. e3 Bxg2 24. Kxg2 Bxd4 25. exd4 Nf6 26. Ne2 Nxg4 27. Rxc8 Rxc8 28. Rc1 Rxc1 29. Nxc1 Nf6 30. Nb3 Nd5 31. Nc5 Nc7 32. Kf3 Kf8 33. Ke4 Ke7 34. d5 h5 35. Kd4 Kd6 36. Ne4+ Kd7 37. Ke5 f6+ 38. Kd4 Ne8 39. Nc5+ Kd6 40. f4 f5 41. Nb7+ Kc7 42. Nc5 Kd6 43. Ne6 g6 44. Nf8 Nf6 45. Nxg6 Nxd5 46. Nh4 Ne7 47. Nf3 Nc6+ 48. Kd3 Kd5 49. Nh4 Ne7 50. Ng2 Nc6 51. Ne3+ Ke6 52. Nd1 1/2-1/2

[Event "Catalunya-chT Gp1"]
[Site "Barcelona"]
[Date "2018.01.27"]
[Round "2.2"]
[White "Trepat Herranz, Joan"]
[Black "Ootes, Lars"]
[Result "1-0"]
[WhiteElo "2380"]
[BlackElo "2370"]
[PlyCount "135"]
[EventDate "2018.01.20"]
[EventType "team-tourn"]
[EventRounds "7"]
[EventCountry "ESP"]
[SourceTitle "CBM 182 Extra"]
[Source "ChessBase"]
[SourceDate "2018.02.23"]
[SourceVersion "1"]
[SourceVersionDate "2018.02.23"]
[SourceQuality "1"]
[WhiteTeam "Lleida"]
[BlackTeam "Tres Peons"]
[WhiteTeamCountry "ESP"]
[BlackTeamCountry "ESP"]

1. e4 d6 2. d4 Nf6 3. Nc3 g6 4. Bg5 c6 5. Qd2 b5 6. f3 h6 7. Be3 Bg7 8. a4 b4 9. Nd1 a5 10. Bd3 e5 11. dxe5 dxe5 12. Ne2 0-0 13. 0-0 Kh7 14. c3 Na6 15. cxb4 Nxb4 16. Bc4 Qe7 17. Nf2 Nh5 18. g3 Rd8 19. Qc3 Nf4 20. Rfd1 Nh3+ 21. Kg2 Rxd1 22. Rxd1 Ng5 23. Qd2 Ne6 24. Qd6 Qxd6 25. Rxd6 Nc2 26. Bd2 Rb8 27. b3 Bf8 28. Rxc6 Bb7 29. Rb6 Bc5 30. Rb5 Na3 31. Rxa5 Bb6 32. Rxe5 Bc7 33. Rxe6 fxe6 34. Bxe6 Ba6 35. Nf4 Be5 36. N2d3 Rd8 37. Bd5 Rc8 38. Nxe5 Rc2 39. g4 Rxd2+ 40. Kg3 g5 41. Ne6 Nc2 42. h4 gxh4+ 43. Kxh4 Ne3 44. Kg3 Nxd5 45. exd5 Rxd5 46. f4 Bc8 47. Nc7 Rc5 48. Nb5 Ba6 49. Nd4 Rc3+ 50. Kf2 Kg7 51. b4 Ra3 52. a5 Ra4 53. Nec6 Kf6 54. Ke3 Bc8 55. f5 Kg5 56. b5 Bb7 57. a6 Bxa6 58. bxa6 Rxa6 59. Ne5 Ra1 60. Ndf3+ Kf6 61. Nd7+ Ke7 62. Nc5 Ra2 63. Kf4 Kf6 64. Ne4+ Kf7 65. Ne5+ Kf8 66. f6 Ra5 67. Nd6 Ra7 68. Ng6+ 1-0

[Event "Sitges Sunway op 4th"]
[Site "Sitges"]
[Date "2017.12.23"]
[Round "9"]
[White "Trepat Herranz, Joan"]
[Black "Alonso Rosell, Alvar"]
[Result "1/2-1/2"]
[WhiteElo "2376"]
[BlackElo "2509"]
[PlyCount "44"]
[EventDate "2017.12.15"]
[EventType "swiss"]
[EventRounds "9"]
[EventCountry "ESP"]
[SourceTitle "CBM 182 Extra"]
[Source "ChessBase"]
[SourceDate "2018.02.23"]
[SourceVersion "1"]
[SourceVersionDate "2018.02.23"]
[SourceQuality "1"]

1. e4 e5 2. Nf3 Nc6 3. d4 exd4 4. Nxd4 Bb4+ 5. c3 Bc5 6. Nxc6 bxc6 7. Bd3 d6 8. 0-0 Nf6 9. Nd2 Be6 10. Nb3 Bb6 11. Nd4 Bd7 12. Nf5 Bxf5 13. exf5 0-0 14. Bg5 d5 15. Qf3 Re8 16. Rfe1 Qd6 17. Bf4 Qc5 18. Bg3 a5 19. Bh4 Qd6 20. Bg3 Qc5 21. Bh4 Qd6 22. Bg3 Qc5 1/2-1/2

[Event "Sitges Sunway op 4th"]
[Site "Sitges"]
[Date "2017.12.16"]
[Round "2"]
[White "Edouard, Romain"]
[Black "Trepat Herranz, Joan"]
[Result "1-0"]
[WhiteElo "2621"]
[BlackElo "2376"]
[PlyCount "75"]
[EventDate "2017.12.15"]
[EventType "swiss"]
[EventRounds "9"]
[EventCountry "ESP"]
[SourceTitle "CBM 182"]
[Source "ChessBase"]
[SourceDate "2018.01.17"]
[SourceVersion "1"]
[SourceVersionDate "2018.01.17"]
[SourceQuality "1"]

1. c4 Nf6 2. Nf3 e6 3. g3 d5 4. Bg2 d4 5. 0-0 c5 6. e3 Nc6 7. exd4 cxd4 8. d3 Bd6 9. Bg5 h6 10. Bxf6 Qxf6 11. Nbd2 Qe7 12. a3 a5 13. Ne4 Bc7 14. c5 f5 15. Nh4 0-0 16. Nd2 Qxc5 17. Rc1 Qb5 18. Nc4 Bd7 19. Re1 Rae8 20. f4 a4 21. Qf3 Kh7 22. Qh5 Rf6 23. Nf3 Re7 24. Qh4 e5 25. fxe5 Nxe5 26. Nxd4 Qa6 27. Kh1 Ng6 28. Qh5 Rxe1+ 29. Rxe1 b5 30. Ne3 Ba5 31. Rf1 Qd6 32. Nd5 Rf8 33. Nxf5 Bxf5 34. Rxf5 Qe6 35. Be4 Rxf5 36. Qxf5 Qxf5 37. Bxf5 Bd2 38. Ne7 1-0

[Event "Llucmajor op 6th"]
[Site "Llucmajor"]
[Date "2017.05.21"]
[Round "9"]
[White "Ubilava, Elizbar"]
[Black "Trepat Herranz, Joan"]
[Result "1/2-1/2"]
[WhiteElo "2491"]
[BlackElo "2363"]
[PlyCount "114"]
[EventDate "2017.05.14"]
[EventType "swiss"]
[EventRounds "9"]
[EventCountry "ESP"]
[SourceTitle "CBM 178 Extra"]
[Source "ChessBase"]
[SourceDate "2017.06.22"]
[SourceVersion "1"]
[SourceVersionDate "2017.06.22"]
[SourceQuality "1"]

1. d4 Nf6 2. c4 e6 3. Nc3 Bb4 4. Nf3 c5 5. g3 Nc6 6. Bg2 Ne4 7. Qc2 cxd4 8. Qxe4 dxc3 9. 0-0 cxb2 10. Bxb2 0-0 11. Rfd1 Be7 12. Rd2 Qc7 13. Rc1 d6 14. Qg4 e5 15. Qh5 Be6 16. c5 dxc5 17. Nxe5 Rad8 18. Rxd8 Nxd8 19. Nd3 b6 20. Nf4 Qd7 21. Be4 f5 22. Nxe6 Qxe6 23. Bd3 Kh8 24. e4 fxe4 25. Bc4 Qg6 26. Qxg6 hxg6 27. Re1 Bf6 28. Rxe4 Nb7 29. Bxf6 gxf6 30. Re7 Nd6 31. Bd3 Rf7 32. Rxf7 Nxf7 33. Bxg6 Kg7 34. Bc2 b5 35. f4 Nd6 36. g4 a5 37. Kf2 a4 38. Ke3 a3 39. Kd3 b4 40. Bb3 Kg6 41. Bd5 Kh6 42. h3 Kg6 43. Bb3 Kg7 44. f5 Kh6 45. h4 Kg7 46. Bd5 Kh6 47. Be6 Kg7 48. g5 fxg5 49. hxg5 Kh7 50. Kc2 c4 51. Bxc4 Nxc4 52. Kb3 Nd6 53. Kxb4 Nxf5 54. Kxa3 Kg6 55. Kb4 Kxg5 56. Kc5 Kf6 57. a4 Ke7 1/2-1/2

[Event "Llucmajor op 6th"]
[Site "Llucmajor"]
[Date "2017.05.18"]
[Round "6"]
[White "Trepat Herranz, Joan"]
[Black "Moroni, Luca Jr"]
[Result "1/2-1/2"]
[WhiteElo "2363"]
[BlackElo "2448"]
[PlyCount "179"]
[EventDate "2017.05.14"]
[EventType "swiss"]
[EventRounds "9"]
[EventCountry "ESP"]
[SourceTitle "CBM 178 Extra"]
[Source "ChessBase"]
[SourceDate "2017.06.22"]
[SourceVersion "1"]
[SourceVersionDate "2017.06.22"]
[SourceQuality "1"]

1. e4 e5 2. Nf3 Nc6 3. Bc4 Bc5 4. 0-0 Nf6 5. d3 0-0 6. a4 a5 7. Nbd2 d5 8. exd5 Nxd5 9. Re1 Bg4 10. h3 Bh5 11. Ne4 Bb6 12. Ng3 Bg6 13. c3 Re8 14. Bg5 f6 15. Bd2 Qd7 16. Nh4 Bf7 17. Nhf5 Be6 18. Qf3 Rad8 19. Bb5 g6 20. Nh6+ Kg7 21. Ne4 Rf8 22. h4 Nde7 23. Qg3 f5 24. Ng5 f4 25. Nxe6+ Qxe6 26. Qg5 f3 27. g4 Qd6 28. Re4 Rf6 29. Rae1 Rdf8 30. Rxe5 Nxe5 31. Qxe5 Qxe5 32. Rxe5 Nc8 33. g5 Rd6 34. d4 c6 35. Bc4 Bc7 36. Ng4 Rdd8 37. Re6 Bf4 38. Be3 Bd6 39. Nf6 Ne7 40. Bf4 Nf5 41. Bxd6 Rxd6 42. Ne8+ Rxe8 43. Rxe8 h6 44. Rg8+ Kh7 45. Rb8 Rd7 46. Be6 Re7 47. Bxf5 gxf5 48. Rf8 hxg5 49. Rxf5 gxh4 50. Rxf3 Re1+ 51. Kg2 Kg6 52. Re3 Rb1 53. Re5 Rxb2 54. Rxa5 h3+ 55. Kxh3 Rxf2 56. Kg3 Ra2 57. Ra7 Rb2 58. Kf4 Kf6 59. Ke4 Ke6 60. a5 Kd6 61. a6 bxa6 62. Rxa6 Rc2 63. Kd3 Rh2 64. Kc4 Rh3 65. Ra7 Rh5 66. Rg7 Rf5 67. Rh7 Rg5 68. Kb4 Rb5+ 69. Kc4 Rg5 70. Rb7 Rg1 71. Kd3 Rg3+ 72. Kc2 Rg1 73. c4 Rg3 74. Rb3 Rg2+ 75. Kc3 Rg3+ 76. Kb4 Rg4 77. Rd3 Rh4 78. Kc3 Rh7 79. Rg3 Kc7 80. Rg5 Rd7 81. Rg4 Kb6 82. c5+ Kc7 83. Rg5 Rh7 84. Rg6 Rf7 85. Kd3 Re7 86. Rg5 Kb7 87. Re5 Rh7 88. Re4 Rh3+ 89. Re3 Rh7 90. Ke4 1/2-1/2

[Event "Llucmajor op 6th"]
[Site "Llucmajor"]
[Date "2017.05.17"]
[Round "5"]
[White "Movsziszian, Karen"]
[Black "Trepat Herranz, Joan"]
[Result "1/2-1/2"]
[WhiteElo "2500"]
[BlackElo "2363"]
[PlyCount "110"]
[EventDate "2017.05.14"]
[EventType "swiss"]
[EventRounds "9"]
[EventCountry "ESP"]
[SourceTitle "CBM 178 Extra"]
[Source "ChessBase"]
[SourceDate "2017.06.22"]
[SourceVersion "1"]
[SourceVersionDate "2017.06.22"]
[SourceQuality "1"]

1. g3 e5 2. c4 Nf6 3. Bg2 d5 4. cxd5 Nxd5 5. Nf3 Nc6 6. d3 Be7 7. 0-0 0-0 8. a3 a5 9. b3 Be6 10. Bb2 f6 11. Nbd2 Qd7 12. Qc2 Rfe8 13. Rac1 Bf8 14. e3 Rad8 15. Rfd1 Qf7 16. h3 Qh5 17. g4 Qf7 18. Ne4 Nb6 19. Nfd2 h5 20. g5 f5 21. Nc3 h4 22. Nb5 Nd5 23. Nf3 Bd6 24. Nxh4 Nde7 25. Qe2 Bxb3 26. Rd2 a4 27. Kh1 g6 28. Nf3 Nc8 29. e4 N8a7 30. Nxa7 Nxa7 31. d4 exd4 32. Nxd4 fxe4 33. Nxb3 axb3 34. Qg4 Qf4 35. Rxd6 Qxd6 36. Qh4 Re5 37. Bf1 b5 38. Qg3 Rde8 39. Qxb3+ Qe6 40. Qg3 c5 41. Be2 e3 42. f4 Rd5 43. Qh4 Rd4 44. Bf3 Qd6 45. Qh6 Re7 46. Bxd4 cxd4 47. f5 e2 48. f6 e1Q+ 49. Rxe1 Rxe1+ 50. Kg2 Kf7 51. Qg7+ Ke6 52. f7 Rg1+ 53. Kxg1 Qg3+ 54. Bg2 Qe3+ 55. Kf1 Qf4+ 1/2-1/2

[Event "Catalunya-chT Gp1"]
[Site "Barcelona"]
[Date "2017.02.04"]
[Round "3.1"]
[White "Vidarte Morales, Arturo"]
[Black "Trepat Herranz, Joan"]
[Result "1/2-1/2"]
[WhiteElo "2355"]
[BlackElo "2370"]
[PlyCount "33"]
[EventDate "2017.01.21"]
[EventType "team-tourn"]
[EventRounds "7"]
[EventCountry "ESP"]
[SourceTitle "CBM 176 Extra"]
[Source "ChessBase"]
[SourceDate "2017.03.02"]
[SourceVersion "1"]
[SourceVersionDate "2017.03.02"]
[SourceQuality "1"]
[WhiteTeam "Montcada"]
[BlackTeam "Lleida"]
[WhiteTeamCountry "ESP"]
[BlackTeamCountry "ESP"]

1. g3 d5 2. Bg2 c6 3. Nf3 Bg4 4. d3 Nf6 5. c4 dxc4 6. dxc4 Qxd1+ 7. Kxd1 Nbd7 8. Be3 0-0-0 9. Nbd2 e6 10. h3 Bh5 11. g4 Bg6 12. Nh4 Bc5 13. Nxg6 hxg6 14. Bxc5 Nxc5 15. Kc2 a5 16. Rad1 Kc7 17. Nf3 1/2-1/2